[Event "Konnerud Høst 2017"]
[Site "Konnerud bydelshus"]
[Date "2017.09.20"]
[Round "1"]
[White "Taksrud, Vidar"]
[Black "Løvaas, Roger"]
[Result "1-0"]
[WhiteElo "1983"]
[BlackElo "1443"]
[PlyCount "80"]
[EventDate "2017.??.??"]

1. Nf3 d5 2. c4 Nf6 3. cxd5 Nxd5 4. e4 Nf6 5. e5 Nd5 6. Nc3 e6 7. d4 Bb4 8. Bd2
O-O 9. Bd3 g6 10. O-O Nxc3 11. bxc3 Be7 12. Bh6 Re8 13. Qd2 Nd7 14. Qf4 Bf8 15.
Ng5 Qe7 16. Bxf8 Nxf8 17. Ne4 Kg7 18. Nf6 Rd8 19. Qg5 Kh8 20. Rae1 c5 21. Re4
Nd7 22. Rh4 Nxf6 23. exf6 Qf8 24. Rh6 Rd5 25. Qh4 Qg8 26. Be4 cxd4 27. Bxd5
exd5 28. Qxd4 Be6 29. Re1 Qf8 30. Qh4 Qg8 31. Re3 Rc8 32. f4 Rc4 33. Rxe6 fxe6
34. Qg3 Qe8 35. Rh3 d4 36. Qd3 b5 37. cxd4 Qf7 38. Qe4 Qxf6 39. Qa8+ Kg7 40.
Qxa7+ Qf7
1-0

[Event "Konnerud Høst 2017"]
[Site "Konnerud bydelshus"]
[Date "2017.09.06"]
[Round "1"]
[White "Nielsen, Christoffer Grimsrud"]
[Black "Aure, Anders Nilsson"]
[Result "0-1"]
[WhiteElo "1503"]
[BlackElo "1803"]
[Annotator "Aure,HÃ¥vard"]
[PlyCount "40"]
[EventDate "2017.??.??"]

1. e4 c5 2. a3 Nc6 3. b4 cxb4 4. axb4 Nxb4 5. c3 Nc6 6. d4 d5 7. exd5 Qxd5 8.
Na3 e5 9. Nb5 Bd6 10. Ba3 Bb8 11. Nf3 Bg4 12. Be2 Bxf3 13. gxf3 exd4 14. cxd4
Nge7 15. Qd2 O-O 16. Rg1 Rd8 17. Rg5 Qe6 18. Bb2 Nd5 19. Rh5 Nf4 20. Rh4 Ng2+
0-1

[Event "Konnerud Høst 2017"]
[Site "Konnerud bydelshus"]
[Date "2017.09.20"]
[Round "1"]
[White "Olaisen, Jan Magnus"]
[Black "Odde, Kent"]
[Result "1/2-1/2"]
[WhiteElo "1785"]
[BlackElo "1503"]
[PlyCount "88"]
[EventDate "2017.??.??"]

1. e4 c5 2. Nf3 Nc6 3. d4 cxd4 4. Nxd4 g6 5. Nc3 Bg7 6. Be3 Nf6 7. f3 d5 8. Bb5
Qd6 9. Qd2 dxe4 10. fxe4 Bd7 11. O-O-O a6 12. Bxc6 Bxc6 13. e5 Qxe5 14. Nxc6
bxc6 15. Bf4 Qa5 16. Rhe1 Nd5 17. Nxd5 Qxd2+ 18. Rxd2 cxd5 19. Rxd5 e6 20. Re4
a5 21. Bd2 a4 22. Bb4 Bf8 23. Ra5 Rxa5 24. Bxa5 a3 25. b4 Bd6 26. g3 Kd7 27. c4
Rc8 28. Kd2 f5 29. Rh4 h5 30. c5 Be5 31. Kd3 Kc6 32. Kc4 Rb8 33. Bb6 Rc8 34.
b5+ Kb7 35. Kd3 Bc7 36. Bxc7 Kxc7 37. Rd4 e5 38. Ra4 Rd8+ 39. Ke3 Rd5 40. Rc4
Rd1 41. Rc3 Rb1 42. b6+ Kc6 43. Kd2 Rb2+ 44. Rc2 e4
1/2-1/2

[Event "Konnerud Høst 2017"]
[Site "Konnerud bydelshus"]
[Date "2017.09.06"]
[Round "1"]
[White "Bjørklund, Torfinn"]
[Black "Sørjordet, Anders"]
[Result "0-1"]
[WhiteElo "1491"]
[BlackElo "1738"]
[PlyCount "100"]
[EventDate "2017.??.??"]

1. d4 d5 2. c4 e6 3. Nf3 Nf6 4. Nc3 Be7 5. Qc2 O-O 6. Bf4 a6 7. a3 dxc4 8. e4
b5 9. Be2 Bb7 10. O-O c5 11. Rad1 cxd4 12. Nxd4 Qb6 13. Bf3 Nc6 14. Be3 Bc5 15.
Nce2 Ne5 16. Ng3 Nxf3+ 17. gxf3 Rfd8 18. Qc3 Rd7 19. Rd2 Rad8 20. Rfd1 h6 21.
Kf1 e5 22. Ndf5 Bxe3 23. Nxe3 Rxd2 24. Rxd2 Rxd2 25. Qxd2 Qc7 26. Ng4 Nd7 27.
h4 Nc5 28. Qc3 Nd3 29. Nf5 Bc8 30. Nfe3 Qe7 31. b3 Qxh4 32. Ke2 h5 33. bxc4
Nf4+ 34. Kd2 hxg4 35. Nd1 gxf3 36. Qxf3 Bg4 37. Qe3 Bxd1 38. Kxd1 Qh1+ 39. Kd2
Qb1 40. c5 Qb2+ 41. Kd1 Qb1+ 42. Kd2 Qb2+ 43. Kd1 Qd4+ 44. Qxd4 exd4 45. c6 Ne6
46. Kd2 Kf8 47. Kd3 Ke7 48. e5 Kd8 49. Ke4 Kc7 50. f4 g6
0-1

[Event "Konnerud Høst 2017"]
[Site "Konnerud bydelshus"]
[Date "2017.09.06"]
[Round "1"]
[White "Hellenes, Andrè Tsolis"]
[Black "Aure, Håvard"]
[Result "1-0"]
[WhiteElo "1714"]
[BlackElo "1418"]
[PlyCount "67"]
[EventDate "2017.??.??"]

1. d4 d5 2. c4 c6 3. Nc3 Nf6 4. Nf3 Bf5 5. Bg5 e6 6. Qb3 b6 7. cxd5 exd5 8. e3
Be7 9. Ne5 Qc7 10. Rc1 Qb7 11. Be2 Nbd7 12. Nxd7 Qxd7 13. O-O O-O 14. a4 Rab8
15. Bf4 Bd6 16. Bxd6 Qxd6 17. Rfd1 Rfe8 18. Bd3 Bxd3 19. Rxd3 Ng4 20. g3 Qf6
21. Qc2 Qh6 22. h4 Re6 23. Nxd5 cxd5 24. Qc8+ Re8 25. Qxg4 Qe6 26. Qxe6 Rxe6
27. Rc7 a5 28. Rdc3 Rbe8 29. Rd7 Kf8 30. Rxd5 g6 31. Kf1 Rf6 32. Ke2 Kg7 33. f4
Ree6 34. Kd3
1-0

[Event "Konnerud Høst 2017"]
[Site "Konnerud bydelshus"]
[Date "2017.09.06"]
[Round "1"]
[White "Marthinussen, Emma Viktoria L"]
[Black "Zogla, Kristian"]
[Result "1-0"]
[WhiteElo "1415"]
[BlackElo "1700"]
[PlyCount "27"]
[EventDate "2017.??.??"]

1. e4 c5 2. Nf3 d6 3. Nc3 a6 4. a3 Nf6 5. Bc4 e6 6. d4 b5 7. Ba2 c4 8. b3 d5 9.
Bg5 h6 10. Bxf6 Qxf6 11. exd5 Bxa3 12. O-O Bb2 13. Ne4 Qf5 14. Nd6+
1-0

[Event "Konnerud Høst 2017"]
[Site "Konnerud bydelshus"]
[Date "2017.09.06"]
[Round "1"]
[White "Selmer, Thorgrim J"]
[Black "Flemsæter, Egil"]
[Result "1/2-1/2"]
[WhiteElo "1647"]
[BlackElo "1389"]
[PlyCount "144"]
[EventDate "2017.??.??"]

1. c4 e5 2. g3 b6 3. Bg2 Nc6 4. Nc3 Bb7 5. d3 Bb4 6. Bd2 Nge7 7. a3 Bxc3 8.
Bxc3 Qc8 9. e3 O-O 10. Ne2 d6 11. O-O Nd8 12. e4 Ne6 13. b4 f5 14. Ra2 Qe8 15.
Ba1 f4 16. Nc3 Qg6 17. Nb5 a6 18. Nc3 Nd4 19. Nd5 Bxd5 20. cxd5 f3 21. Bh3 Ne2+
22. Kh1 Rf6 23. Rxe2 fxe2 24. Qxe2 c5 25. dxc6 Nxc6 26. Qa2+ Qf7 27. Qxf7+ Kxf7
28. f4 Nd4 29. Bxd4 exd4 30. Rc1 Ra7 31. Rc8 Ke7 32. Kg2 Rf8 33. Rc4 a5 34. b5
Rd8 35. Kf3 d5 36. Rxd4 dxe4+ 37. Rxe4+ Kf8 38. d4 Re7 39. Be6 Rc7 40. a4 Rc3+
41. Kg4 Ra3 42. d5 Rd3 43. Rc4 Rd6 44. Rc8+ Ke7 45. Rc7+ Kf6 46. h4 R3xd5 47.
Bxd5 Rxd5 48. Rc6+ Kf7 49. Rxb6 Rd4 50. Rb7+ Kf6 51. b6 Rxa4 52. Ra7 Rb4 53.
Ra6 Rb5 54. b7+ Kf7 55. Ra7 Kf6 56. h5 h6 57. Kf3 a4 58. Ke4 a3 59. g4 a2 60.
g5+ hxg5 61. Rxa2 Rxb7 62. Ra6+ Kf7 63. f5 Rb4+ 64. Kf3 Rf4+ 65. Kg3 Rxf5 66.
Kg4 Re5 67. Ra7+ Kf6 68. Ra6+ Re6 69. Ra5 Re4+ 70. Kf3 Rf4+ 71. Kg3 Re4 72.
Ra6+ Kf7
1/2-1/2

[Event "Konnerud Høst 2017"]
[Site "Konnerud bydelshus"]
[Date "2017.09.06"]
[Round "1"]
[White "Auke, Morthen"]
[Black "Omland, Harald"]
[Result "0-1"]
[WhiteElo "1294"]
[BlackElo "1644"]
[PlyCount "56"]
[EventDate "2017.??.??"]

1. d4 c5 2. c3 d5 3. Nf3 e6 4. Bf4 Bd6 5. Bg5 Be7 6. Bf4 Nf6 7. h3 Nc6 8. Nbd2
b5 9. Qc2 a5 10. b3 Ba6 11. e3 O-O 12. Be2 Qb6 13. O-O Rac8 14. Rab1 cxd4 15.
exd4 Nxd4 16. Nxd4 Qxd4 17. cxd4 Rxc2 18. a4 Bb4 19. Rfd1 Ne4 20. Nxe4 Rxe2 21.
Nd2 bxa4 22. bxa4 Rc8 23. Nb3 Rec2 24. Bd2 Be2 25. Rdc1 Rxc1+ 26. Bxc1 Bd3 27.
Rb2 Bc3 28. Ra2 Bc4
0-1

[Event "Konnerud Høst 2017"]
[Site "Konnerud bydelshus"]
[Date "2017.09.20"]
[Round "1"]
[White "Næss, Terje Sandviken"]
[Black "Stenseng, Benjamin"]
[Result "1/2-1/2"]
[WhiteElo "1601"]
[BlackElo "1171"]
[PlyCount "107"]
[EventDate "2017.??.??"]

1. e4 c5 2. Bc4 Nc6 3. f4 e6 4. Nc3 g6 5. Nf3 Bg7 6. O-O Nge7 7. a3 d5 8. Ba2
a6 9. e5 O-O 10. d4 c4 11. Ne2 Nf5 12. b4 Bd7 13. g4 Nfe7 14. Ng3 b5 15. h4 f5
16. g5 a5 17. c3 axb4 18. axb4 Qb6 19. Be3 Ra3 20. Qc2 Nxb4 21. Qb2 Rxa2 22.
Qxb4 Nc6 23. Qd6 Ra7 24. h5 Rfa8 25. Rxa7 Rxa7 26. Nh4 Bf8 27. hxg6 hxg6 28.
Nxg6 Bxd6 29. exd6 Be8 30. Ne5 Rh7 31. g6 Bxg6 32. Ra1 Nxe5 33. fxe5 Qb7 34.
Bg5 b4 35. cxb4 Rd7 36. Ne2 Bh5 37. Nf4 c3 38. Nxh5 c2 39. Nf6+ Kf7 40. Nxd7
Qxb4 41. Be3 f4 42. Bf2 Qb2 43. Rf1 c1=Q 44. Rxc1 Qxc1+ 45. Kg2 Qc8 46. Nc5 Kg6
47. d7 Qg8 48. Kf3 Kf5 49. Ke2 Kg4 50. Nxe6 Qxe6 51. d8=Q Qa6+ 52. Kd2 Qa2+ 53.
Kc1 Qc4+ 54. Kb2
1/2-1/2

[Event "Konnerud Høst 2017"]
[Site "Konnerud bydelshus"]
[Date "2017.09.13"]
[Round "2"]
[White "Minde, Thomas"]
[Black "Taksrud, Vidar"]
[Result "0-1"]
[WhiteElo "1530"]
[BlackElo "1983"]
[PlyCount "44"]
[EventDate "2017.??.??"]

1. c4 e5 2. g3 Nf6 3. Bg2 d5 4. cxd5 Nxd5 5. Nc3 Be6 6. e3 Nc6 7. Nge2 Be7 8.
O-O O-O 9. d4 exd4 10. Nxd4 Nxd4 11. Qxd4 Bf6 12. Qc5 b6 13. Qc6 Nxc3 14. bxc3
Qd3 15. Ba3 Rfd8 16. Be4 Qa6 17. Bb2 Rac8 18. Rfd1 Qe2 19. Rxd8+ Rxd8 20. Ba3
Bd7 21. Qxc7 Bh3 22. Bg2 Rd1+
0-1

[Event "Konnerud Høst 2017"]
[Site "Konnerud bydelshus"]
[Date "2017.09.13"]
[Round "2"]
[White "Aure, Anders Nilsson"]
[Black "Høisveen, Tore"]
[Result "1-0"]
[WhiteElo "1803"]
[BlackElo "1544"]
[PlyCount "79"]
[EventDate "2017.??.??"]

1. c4 e5 2. Nc3 Nf6 3. g3 Bc5 4. Bg2 Nc6 5. e3 d6 6. Nge2 O-O 7. O-O a6 8. d3
Ne7 9. Rb1 h6 10. b4 Ba7 11. a4 Rb8 12. b5 a5 13. Bd2 b6 14. Rc1 Bb7 15. Bxb7
Rxb7 16. Qc2 Nh7 17. f4 f6 18. Qb3 Kh8 19. Nd5 Nxd5 20. cxd5 Rb8 21. Qc4 Rc8
22. Rc2 Bb8 23. Rfc1 Rf7 24. Qc6 Nf8 25. e4 Nd7 26. d4 Kg8 27. Be3 Re7 28. dxe5
fxe5 29. Bxb6 Nxb6 30. Qxb6 c5 31. Qxd8+ Rxd8 32. f5 Ba7 33. Kg2 Rc7 34. Ng1
Rdc8 35. Rc4 Rf7 36. Nf3 Bb6 37. R4c2 Rfc7 38. Nd2 Rd7 39. Nc4 Bd8 40. Rb1
1-0

[Event "Konnerud Høst 2017"]
[Site "Konnerud bydelshus"]
[Date "2017.09.13"]
[Round "2"]
[White "Løvaas, Roger"]
[Black "Olaisen, Jan Magnus"]
[Result "1-0"]
[WhiteElo "1443"]
[BlackElo "1785"]
[PlyCount "61"]
[EventDate "2017.??.??"]

1. d4 d5 2. c4 e6 3. Nc3 Nf6 4. e3 Be7 5. Nf3 O-O 6. Bd3 dxc4 7. Bxc4 a6 8. O-O
b5 9. Bd3 Bb7 10. Ng5 h6 11. Nge4 Nbd7 12. b3 Rc8 13. Bb2 c5 14. dxc5 b4 15.
Nxf6+ Bxf6 16. Na4 Bxb2 17. Nxb2 Nxc5 18. Qe2 Qf6 19. Rfd1 Rfd8 20. Rab1 Be4
21. f3 Bb7 22. Bc4 a5 23. Nd3 Nxd3 24. Rxd3 Rxd3 25. Bxd3 Rc3 26. Rd1 Qe5 27.
Bb1 Kf8 28. Kf2 Qxh2 29. Qb5 Qh4+ 30. Kg1 Bxf3 31. Qb8+
1-0

[Event "Konnerud Høst 2017"]
[Site "Konnerud bydelshus"]
[Date "2017.09.13"]
[Round "2"]
[White "Sørjordet, Anders"]
[Black "Marthinussen, Emma Viktoria L"]
[Result "1-0"]
[WhiteElo "1738"]
[BlackElo "1415"]
[PlyCount "75"]
[EventDate "2017.??.??"]

1. d4 d6 2. Nf3 Nf6 3. c4 g6 4. g3 Bg7 5. Bg2 O-O 6. O-O Bg4 7. Nc3 Qc8 8. Re1
Bh3 9. Bh1 Re8 10. Qb3 Bd7 11. Bf4 c5 12. d5 e6 13. Bxd6 exd5 14. cxd5 c4 15.
Qc2 Bg4 16. e4 Qd7 17. Bf4 Nh5 18. Be3 Qe7 19. Bd4 Bxf3 20. Bxg7 Bxh1 21. Kxh1
Kxg7 22. Rad1 Nd7 23. f4 f6 24. d6 Qf7 25. Nb5 Rac8 26. Nc7 Red8 27. Rd4 Nb6
28. Qc3 Kg8 29. e5 fxe5 30. fxe5 Rxc7 31. e6 Qf6 32. e7 Rxe7 33. dxe7 Re8 34.
Qe3 Ng7 35. g4 Nc8 36. Rf4 Qxb2 37. Ref1 Nxe7 38. Qxe7
1-0

[Event "Konnerud Høst 2017"]
[Site "Konnerud bydelshus"]
[Date "2017.09.13"]
[Round "2"]
[White "Andersson, Øivind"]
[Black "Hellenes, Andrè Tsolis"]
[Result "1-0"]
[WhiteElo "1546"]
[BlackElo "1714"]
[PlyCount "123"]
[EventDate "2017.??.??"]

1. e4 d6 2. Nf3 Nf6 3. Nc3 Nbd7 4. d4 e5 5. d5 Be7 6. b4 c6 7. Be2 O-O 8. O-O
a5 9. b5 cxd5 10. exd5 Qc7 11. Bb2 Nc5 12. a4 Bg4 13. Nd2 Bf5 14. f3 Rac8 15.
Rc1 Bg6 16. Nc4 Nh5 17. g3 f5 18. f4 Nf6 19. fxe5 Nfe4 20. e6 Bg5 21. Rb1 Bf6
22. Nxe4 Nxe4 23. Bxf6 Rxf6 24. Qd4 Qc5 25. Qxc5 Rxc5 26. Rf4 Nc3 27. Re1 Nxd5
28. Rff1 Rxe6 29. Nxa5 b6 30. Nc4 Rxe2 31. Rxe2 Rxc4 32. Rd2 Ne3 33. Rf3 Rxc2
34. Rxd6 Rg2+ 35. Kh1 Re2 36. Kg1 Bh5 37. Rxe3 Rxe3 38. Rxb6 Ra3 39. Ra6 Be2
40. Ra8+ Kf7 41. b6 Bf3 42. Ra7+ Kg6 43. a5 h5 44. h4 Kf6 45. a6 Rb3 46. b7 g5
47. hxg5+ Kxg5 48. Ra8 Bxb7 49. Rg8+ Kf6 50. Rb8 Rxg3+ 51. Kf2 Ra3 52. axb7
Ra2+ 53. Ke3 Ra3+ 54. Kd4 Kg7 55. Ra8 Rb3 56. b8=Q Rxb8 57. Rxb8 Kf6 58. Ke3
Kg5 59. Rg8+ Kh4 60. Kf4 Kh3 61. Kxf5 h4 62. Rg4
1-0

[Event "Konnerud Høst 2017"]
[Site "Konnerud bydelshus"]
[Date "2017.10.04"]
[Round "2"]
[White "Odde, Kent"]
[Black "Selmer, Thorgrim J"]
[Result "1/2-1/2"]
[WhiteElo "1503"]
[BlackElo "1647"]
[PlyCount "58"]
[EventDate "2017.??.??"]

1. c4 Nf6 2. Nc3 c6 3. d4 d5 4. e3 Bf5 5. Nf3 Nbd7 6. Qb3 Qb6 7. Qxb6 axb6 8.
cxd5 e6 9. dxe6 Bxe6 10. Bd3 Bb4 11. a3 Nd5 12. Bd2 Nxc3 13. Bxc3 Bxc3+ 14.
bxc3 Ke7 15. O-O b5 16. Rfb1 Ra7 17. Rc1 Nb6 18. Ng5 Bc4 19. Bxc4 Nxc4 20. Rc2
h6 21. Ne4 Rha8 22. Rca2 b6 23. Kf1 Rxa3 24. Rxa3 Rxa3 25. Rxa3 Nxa3 26. Ke2
Ke6 27. Kd3 Kd5 28. Nd2 f5 29. f3 Ke6
1/2-1/2

[Event "Konnerud Høst 2017"]
[Site "Konnerud bydelshus"]
[Date "2017.09.20"]
[Round "2"]
[White "Flemsæter, Egil"]
[Black "Næss, Terje Sandviken"]
[Result "1-0"]
[WhiteElo "1389"]
[BlackElo "1601"]
[PlyCount "81"]
[EventDate "2017.??.??"]

1. d4 d5 2. c4 c6 3. e3 Nf6 4. Nc3 Bf5 5. Bd3 Bg4 6. f3 Be6 7. c5 b6 8. b4 a5
9. Na4 Nfd7 10. b5 bxc5 11. dxc5 g6 12. Ne2 Bg7 13. Rb1 cxb5 14. Bxb5 O-O 15.
O-O Qc7 16. Ba3 Nc6 17. Nf4 Rab8 18. Nxd5 Bxd5 19. Qxd5 Nde5 20. f4 Rbd8 21.
Qe4 f5 22. Qc2 Ng4 23. Qb3+ Kh8 24. Bb2 e5 25. h3 Nf6 26. Qe6 Na7 27. Qb6 Qxb6
28. cxb6 Nxb5 29. Bxe5 Ne4 30. Bxg7+ Kxg7 31. Rxb5 Rd2 32. Rc1 Rxa2 33. Rxa5
Rd8 34. b7 Rdd2 35. Rc7+ Kh6 36. Nc3 Rxg2+ 37. Kf1 Rgf2+ 38. Ke1 Rxa5 39. b8=Q
Ra1+ 40. Nd1 Rfa2 41. Qf8+
1-0

[Event "Konnerud Høst 2017"]
[Site "Konnerud bydelshus"]
[Date "2017.09.13"]
[Round "2"]
[White "Stenseng, Benjamin"]
[Black "Nielsen, Christoffer Grimsrud"]
[Result "1-0"]
[WhiteElo "1171"]
[BlackElo "1503"]
[PlyCount "69"]
[EventDate "2017.??.??"]

1. f4 e6 2. Nf3 b6 3. b3 Ba6 4. Bb2 Nf6 5. d3 Bd6 6. e3 O-O 7. Be2 Nc6 8. O-O
Re8 9. c4 b5 10. a3 bxc4 11. dxc4 Bc5 12. Qd2 Ng4 13. Nd4 Nxd4 14. exd4 Nxh2
15. Kxh2 Qh4+ 16. Kg1 Be7 17. Rf3 Qh6 18. Nc3 c5 19. Rh3 Qf6 20. Ne4 Qf5 21.
Bd3 cxd4 22. Nd6 Qc5 23. Nxe8 Rxe8 24. Kf1 f5 25. Qe2 Rb8 26. b4 Qd6 27. Qe5
Qxe5 28. fxe5 d6 29. Bxd4 dxe5 30. Bxe5 Rd8 31. Ke2 g5 32. Rah1 Bb7 33. Rxh7
Rd7 34. Rg7+ Kf8 35. Rh8#
1-0

[Event "Konnerud Høst 2017"]
[Site "Konnerud bydelshus"]
[Date "2017.09.27"]
[Round "3"]
[White "Taksrud, Vidar"]
[Black "Sørjordet, Anders"]
[Result "1-0"]
[WhiteElo "1983"]
[BlackElo "1738"]
[PlyCount "45"]
[EventDate "2017.??.??"]

1. Nf3 d5 2. d4 Nf6 3. Bg5 e6 4. e3 c5 5. c3 Bd6 6. Bd3 Nbd7 7. Nbd2 Qc7 8. O-O
O-O 9. Qe2 h6 10. Bh4 b6 11. e4 dxe4 12. Nxe4 Bb7 13. Rad1 Nxe4 14. Bxe4 Bxe4
15. Qxe4 c4 16. Rfe1 b5 17. Ne5 Bxe5 18. dxe5 Nc5 19. Qg4 Nd3 20. Bf6 g6 21.
Qh4 Kh7 22. Re3 Rg8 23. Qxh6+
1-0

[Event "Konnerud Høst 2017"]
[Site "Konnerud bydelshus"]
[Date "2017.09.27"]
[Round "3"]
[White "Omland, Harald"]
[Black "Aure, Anders Nilsson"]
[Result "0-1"]
[WhiteElo "1644"]
[BlackElo "1803"]
[PlyCount "48"]
[EventDate "2017.??.??"]

1. e4 c5 2. f4 d5 3. exd5 Nf6 4. Bb5+ Bd7 5. Nc3 Bxb5 6. Nxb5 Nxd5 7. c4 Nxf4
8. d4 Nxg2+ 9. Kf1 a6 10. Kxg2 axb5 11. Qb3 cxd4 12. Qxb5+ Qd7 13. Bf4 Qxb5 14.
cxb5 f6 15. b6 e5 16. Bd2 Nd7 17. Rc1 Bd6 18. a4 Nxb6 19. a5 Nd5 20. Ne2 Kd7
21. Ng3 Bb4 22. Rc2 Bxd2 23. Rxd2 Rxa5 24. Rc2 Ne3+
0-1

[Event "Konnerud Høst 2017"]
[Site "Konnerud bydelshus"]
[Date "2017.09.27"]
[Round "3"]
[White "Marthinussen, Emma Viktoria L"]
[Black "Olaisen, Jan Magnus"]
[Result "0-1"]
[WhiteElo "1415"]
[BlackElo "1785"]
[PlyCount "72"]
[EventDate "2017.??.??"]

1. e4 e5 2. Nf3 Nc6 3. Bc4 Nf6 4. Ng5 d5 5. exd5 Nxd5 6. d3 f6 7. Nf3 Be6 8.
Bxd5 Bxd5 9. Nc3 Bb4 10. Bd2 Be6 11. h3 O-O 12. a3 Be7 13. Qe2 Rb8 14. O-O b5
15. b4 Nd4 16. Nxd4 Qxd4 17. Ne4 f5 18. Bc3 Qb6 19. Nc5 e4 20. Nxe6 Qxe6 21.
dxe4 f4 22. Qf3 a5 23. Rac1 c5 24. Bd2 Bf6 25. Rb1 cxb4 26. axb4 a4 27. c3 Qc4
28. Rfe1 Be5 29. Rec1 Rbd8 30. Be1 Rd3 31. Qh5 Qxe4 32. f3 Qd5 33. Rb2 Bd4+ 34.
cxd4 Qxh5 35. Rc5 Qe8 36. d5 Qxe1+
0-1

[Event "Konnerud Høst 2017"]
[Site "Konnerud bydelshus"]
[Date "2017.10.04"]
[Round "3"]
[White "Hellenes, Andrè Tsolis"]
[Black "Flemsæter, Egil"]
[Result "1-0"]
[WhiteElo "1714"]
[BlackElo "1389"]
[PlyCount "55"]
[EventDate "2017.??.??"]

1. d4 Nf6 2. c4 e6 3. Nf3 b6 4. Bg5 Be7 5. Nc3 d5 6. cxd5 Nxd5 7. Bxe7 Qxe7 8.
e3 O-O 9. Bd3 Ba6 10. O-O Bxd3 11. Qxd3 c6 12. a3 Nd7 13. Rac1 c5 14. Nxd5 exd5
15. dxc5 Nxc5 16. Qxd5 Rfd8 17. Qc4 Rd6 18. Rfd1 Rad8 19. Rxd6 Rxd6 20. Nd4 g6
21. b4 Ne6 22. Nxe6 Rxe6 23. Qc8+ Kg7 24. Qc7 Rxe3 25. fxe3 Qxe3+ 26. Kh1 Qxa3
27. Qc3+ Qxc3 28. Rxc3
1-0

[Event "Konnerud Høst 2017"]
[Site "Konnerud bydelshus"]
[Date "2017.09.24"]
[Round "3"]
[White "Bjørklund, Torfinn"]
[Black "Zogla, Kristian"]
[Result "0-1"]
[WhiteElo "1491"]
[BlackElo "1700"]
[PlyCount "44"]
[EventDate "2017.??.??"]

1. d4 Nf6 2. c4 c6 3. Nc3 d5 4. e3 Bf5 5. Nf3 Nbd7 6. cxd5 cxd5 7. Bd3 Bg4 8.
h3 Bh5 9. Be2 e6 10. O-O a6 11. a3 Rc8 12. Bd2 Bd6 13. Rc1 O-O 14. Qb3 Ne4 15.
Be1 b5 16. Qd1 Nb6 17. Nxe4 Rxc1 18. Qxc1 dxe4 19. Qc6 exf3 20. Bxf3 Bxf3 21.
Qxf3 Qc8 22. Qe2 Qc4
0-1

[Event "Konnerud Høst 2017"]
[Site "Konnerud bydelshus"]
[Date "2017.09.28"]
[Round "3"]
[White "Selmer, Thorgrim J"]
[Black "Løvaas, Roger"]
[Result "0-1"]
[WhiteElo "1647"]
[BlackElo "1443"]
[PlyCount "64"]
[EventDate "2017.??.??"]

1. d4 e6 2. c4 Nf6 3. g3 c6 4. Bg2 Be7 5. Nc3 O-O 6. e4 d5 7. e5 Nfd7 8. c5 b6
9. b4 a5 10. cxb6 Bxb4 11. Nge2 Nxb6 12. O-O Ba6 13. Re1 Bxe2 14. Nxe2 Bxe1 15.
Qxe1 Nc4 16. Rb1 Nd7 17. Nf4 Rb8 18. Rxb8 Qxb8 19. Nd3 Qb1 20. Qe2 Rb8 21. h4
Qa1 22. Kh2 Qxd4 23. f4 Rb1 24. h5 Nc5 25. Nxc5 Qxc5 26. Bd2 Rb2 27. Qg4 Rxd2
28. Qg5 h6 29. Qd8+ Kh7 30. Kh3 Qg1 31. Bf3 Qh2+ 32. Kg4 Ne3#
0-1

[Event "Konnerud Høst 2017"]
[Site "Konnerud bydelshus"]
[Date "2017.09.27"]
[Round "3"]
[White "Stenseng, Benjamin"]
[Black "Andersson, Øivind"]
[Result "1-0"]
[WhiteElo "1171"]
[BlackElo "1546"]
[PlyCount "47"]
[EventDate "2017.??.??"]

1. e4 c5 2. Nf3 Nc6 3. d4 cxd4 4. Nxd4 e6 5. Nc3 Bb4 6. Nxc6 Bxc3+ 7. bxc3 bxc6
8. Be2 d5 9. exd5 cxd5 10. Bb2 Ne7 11. c4 O-O 12. O-O Bb7 13. Rb1 Rb8 14. Qd4
Nf5 15. Qxa7 dxc4 16. Be5 Bxg2 17. Rxb8 Qd5 18. Rxf8+ Kxf8 19. Rd1 Qb7 20. Qc5+
Ke8 21. Bc7 Bd5 22. Bxc4 Ne7 23. Bb5+ Nc6 24. Rxd5
1-0

[Event "Konnerud Høst 2017"]
[Site "Konnerud bydelshus"]
[Date "2017.09.27"]
[Round "3"]
[White "Aure, Håvard"]
[Black "Minde, Thomas"]
[Result "1/2-1/2"]
[WhiteElo "1418"]
[BlackElo "1530"]
[PlyCount "78"]
[EventDate "2017.??.??"]

1. e4 e6 2. d4 d5 3. exd5 exd5 4. Nf3 Nf6 5. Be2 Bd6 6. O-O O-O 7. c4 dxc4 8.
Bxc4 Bg4 9. Be2 Nc6 10. Nc3 Rb8 11. d5 Ne7 12. Bg5 Ng6 13. Re1 h6 14. Be3 a6
15. h3 Bf5 16. Bd3 Qd7 17. Bxf5 Qxf5 18. Rc1 Ne7 19. Nd4 Qd7 20. Qf3 Nexd5 21.
Nxd5 Nxd5 22. Nf5 Nxe3 23. Rxe3 Qd8 24. Rd1 Qf6 25. Nxd6 Qxf3 26. Rxf3 cxd6 27.
Rxd6 Rfd8 28. Rfd3 Re8 29. Kf1 Rbc8 30. Rd2 Re7 31. Rd8+ Rxd8 32. Rxd8+ Kh7 33.
g4 Rc7 34. Rd2 Kg6 35. Kg2 Rc6 36. Kg3 f5 37. f4 b5 38. Rd5 fxg4 39. hxg4 Rc2
1/2-1/2

[Event "Konnerud Høst 2017"]
[Site "Konnerud bydelshus"]
[Date "2017.10.11"]
[Round "4"]
[White "Aure, Anders Nilsson"]
[Black "Taksrud, Vidar"]
[Result "0-1"]
[WhiteElo "1803"]
[BlackElo "1983"]
[PlyCount "80"]
[EventDate "2017.??.??"]

1. c4 e6 2. Nc3 d5 3. d4 Nf6 4. cxd5 exd5 5. Bg5 c6 6. e3 Bd6 7. Bd3 O-O 8. Qc2
h6 9. Bh4 Nbd7 10. Nf3 Re8 11. O-O Qc7 12. Bg3 Bxg3 13. hxg3 Qd6 14. Rab1 b6
15. b4 Bb7 16. Rfc1 Rac8 17. Nh4 Qf8 18. a4 Ba8 19. Ba6 Rcd8 20. Bd3 g6 21. a5
Qg7 22. Na4 Ne4 23. b5 c5 24. dxc5 Ndxc5 25. axb6 Nxa4 26. Qxa4 axb6 27. Qb4 d4
28. Bxe4 Bxe4 29. Rb3 Bd5 30. Rd3 dxe3 31. Rxe3 Rxe3 32. fxe3 Qe5 33. Kf2 Be4
34. Nf3 Bxf3 35. gxf3 Qe6 36. Kg2 Qxe3 37. Rc2 Rd1 38. Qc3 Rg1+ 39. Kh2 Qxc3
40. Rxc3 Rb1
0-1

[Event "Konnerud Høst 2017"]
[Site "Konnerud bydelshus"]
[Date "2017.10.25"]
[Round "4"]
[White "Sørjordet, Anders"]
[Black "Stenseng, Benjamin"]
[Result "0-1"]
[WhiteElo "1738"]
[BlackElo "1171"]
[PlyCount "67"]
[EventDate "2017.??.??"]

1. d4 f5 2. Nc3 Nf6 3. Bg5 e6 4. e4 Be7 5. e5 Ne4 6. Bxe7 Qxe7 7. Qh5+ g6 8.
Qf3 Qb4 9. O-O-O Nxc3 10. Qxc3 Qxc3 11. bxc3 b6 12. f4 Bb7 13. Rd2 d5 14. exd6
cxd6 15. Bb5+ Ke7 16. h4 a6 17. Bf1 Nd7 18. Rh3 Nf6 19. c4 Ne4 20. Re2 Rac8 21.
Rb3 b5 22. Ree3 Rc7 23. Nf3 Rhc8 24. Bd3 bxc4 25. Bxc4 Bd5 26. Bxd5 Rxc2+ 27.
Kb1 exd5 28. Rb7+ R8c7 29. Rxc7+ Rxc7 30. Ra3 Rb7+ 31. Kc2 Rb6 32. Ra5 Rc6+ 33.
Kd3 Nf2+ 34. Ke2
0-1

[Event "Konnerud Høst 2017"]
[Site "Konnerud bydelshus"]
[Date "2017.10.23"]
[Round "4"]
[White "Zogla, Kristian"]
[Black "Hellenes, Andrè Tsolis"]
[Result "1/2-1/2"]
[WhiteElo "1700"]
[BlackElo "1714"]
[PlyCount "64"]
[EventDate "2017.??.??"]

1. e4 d6 2. d4 Nd7 3. Nf3 e5 4. Bc4 Be7 5. Nc3 Ngf6 6. O-O h6 7. h3 c6 8. Bd2
b5 9. Bb3 b4 10. Ne2 Nxe4 11. Bxb4 a5 12. Ba3 a4 13. Bc4 d5 14. Bxe7 Qxe7 15.
Bd3 Nd6 16. dxe5 Nxe5 17. Nxe5 Qxe5 18. Re1 O-O 19. Nd4 Qg5 20. Qf3 c5 21. h4
Qxh4 22. Qxd5 Qxd4 23. Qxa8 Bb7 24. Bh7+ Kxh7 25. Qxf8 Qg4 26. f3 Qd4+ 27. Kf1
Ba6+ 28. Re2 Bxe2+ 29. Kxe2 Qc4+ 30. Kf2 Qd4+ 31. Kf1 Qc4+ 32. Ke1 Qh4+
1/2-1/2